Normal view
MARC view
- Bakhtiar, NC Amber (TCC-15A)
Entry Personal Name
001 - CONTROL NUMBER
- control field: 131902
003 - CONTROL NUMBER IDENTIFIER
- control field: NUST
005 - DATE AND TIME OF LATEST TRANSACTION
- control field: 20251113182634.0
008 - FIXED-LENGTH DATA ELEMENTS
- fixed length control field: 251113|| aca||aabn | a|a d
040 ## - CATALOGING SOURCE
- Original cataloging agency: NUST
- Transcribing agency: NUST
100 ## - HEADING--PERSONAL NAME
- Personal name: Bakhtiar, NC Amber (TCC-15A)
670 ## - SOURCE DATA FOUND
- Source citation: Work cat.: (NUST)183639: Bakhtiar, NC Amber (TCC-15A), Blind equalization for single carrier linear constellations using modified constant modulus algorithm /, 2007
